000 00786nas a2200253 4500
001 BR2011002084
003 BR-BrBNA
005 20231205114549.0
007 ta
008 230509b bl.|||p| |||| 00| 00por d
040 _aBR-BrBNA
_bpor
_cBiblioteca Nacional de Agricultura
041 _a(Pt)
072 _aF70
100 1 _aKaffer, M.I.
100 1 _aCárceres, M.E. da S.
100 1 _aVargas, V.M.F.
100 1 _aMartins, S.M. de A.
245 1 _aNovas ocorrências de liquens corticícolas crostosos para a região sul do Brasil
650 _aLIQUEN
650 _aTAXONOMIA VEGETAL
773 0 _tActa Botanica Brasilica (Brazil)
_xISSN 0102-3306
_g(Oct-Dec 2010), v. 24(4) p. 948-951
_wBR2011002084
909 _a202311
_bLúcia
_c55
_dLúcia Elande
942 _2AGRIS
_n0
_cANA
999 _c209341
_d209341